[Event "MDA-ch (Women)"]
[Site "Kishinev"]
[Date "2024.02.09"]
[Round "7"]
[White "Zalevschi, Anastasia"]
[Black "Dabija, Paula"]
[Result "0-1"]
[WhiteElo "1210"]
[BlackElo "1228"]
[PlyCount "66"]
[EventDate "2024.02.03"]
[EventType "swiss"]
[EventRounds "7"]
[EventCountry "MDA"]
[SourceTitle "CBM 218 Extra"]
[Source "ChessBase"]
[SourceDate "2024.03.31"]
[SourceVersion "1"]
[SourceVersionDate "2024.03.31"]
[SourceQuality "1"]

1. d4 d5 2. c4 e6 3. Nc3 h6 4. Nf3 Nf6 5. e3 c6 6. Bd3 Bd6 7. 0-0 Nbd7 8. b3 0-0 9. Bb2 Re8 10. Qc2 Qe7 11. c5 Bc7 12. b4 e5 13. dxe5 Nxe5 14. Nxe5 Qxe5 15. g3 Ng4 16. Be2 Qh5 17. Bxg4 Bxg4 18. f4 Rxe3 19. Qd2 Rae8 20. Rae1 d4 21. Rxe3 dxe3 22. Qd4 Qg6 23. Re1 e2 24. Kf2 Bd8 25. Qd2 Bf6 26. h3 Rd8 27. Qc1 Bxh3 28. Nxe2 Bxb2 29. Qxb2 Qe4 30. Rg1 Rd3 31. Qe5 Rf3+ 32. Ke1 Qb1+ 33. Kd2 Rd3# 0-1

[Event "MDA-ch (Women)"]
[Site "Kishinev"]
[Date "2024.02.07"]
[Round "5"]
[White "Zalevschi, Anastasia"]
[Black "Barbier, Emilia"]
[Result "1-0"]
[WhiteElo "1210"]
[BlackElo "1182"]
[PlyCount "89"]
[EventDate "2024.02.03"]
[EventType "swiss"]
[EventRounds "7"]
[EventCountry "MDA"]
[SourceTitle "CBM 218 Extra"]
[Source "ChessBase"]
[SourceDate "2024.03.31"]
[SourceVersion "1"]
[SourceVersionDate "2024.03.31"]
[SourceQuality "1"]

1. d4 d5 2. c4 c6 3. e3 Nf6 4. Nf3 a6 5. b3 Bf5 6. Nc3 e6 7. Bb2 Bd6 8. h3 0-0 9. Nh4 Be4 10. Nxe4 Nxe4 11. Nf3 Bb4+ 12. Ke2 Qa5 13. Qc2 Nd7 14. g3 Ndf6 15. Bg2 dxc4 16. bxc4 Qf5 17. Qb3 Ba5 18. Rhd1 b5 19. Kf1 h5 20. Kg1 Rab8 21. c5 Nd5 22. Qc2 Nb4 23. Qe2 Bd8 24. a3 Nd5 25. Qd3 Bc7 26. Rac1 Ndf6 27. Qc2 Qd5 28. Nd2 Qf5 29. Nxe4 Nxe4 30. Qxe4 Qd5 31. Qxd5 cxd5 32. e4 Rfd8 33. exd5 exd5 34. Re1 f6 35. Bf3 g6 36. Re6 Kf7 37. Rxa6 Rbc8 38. Bc3 Rd7 39. Ba5 f5 40. Ra7 Kg7 41. Rxc7 Rcxc7 42. Bxc7 Rxc7 43. Bxd5 Kf6 44. c6 Ke7 45. Rc5 1-0